| 000 | 01954nam a2200601 i 4500 | ||
|---|---|---|---|
| 001 | 35604 | ||
| 003 | KOSZ 005 | ||
| 005 | 20240405063108.0 | ||
| 008 | 230811s1995 pl a g 001 0 pol | ||
| 015 | _aUWD 1995/12537 | ||
| 020 | _a8385209514 | ||
| 035 | _a991000253899705066 | ||
| 035 | _a(PL-WaBN)b10111347-48omnis_nlop | ||
| 035 | _ab10111347 | ||
| 035 | _a(OCoLC)830051466 | ||
| 035 | _azz2004956082 | ||
| 035 | _a(PL)b0000001011134 | ||
| 035 | _a(EXLNZ-48OMNIS_NETWORK)9910100046805606 | ||
| 040 |
_aWA N _cWA N _dKOSZ 005/RW |
||
| 041 | 0 |
_apol _bger _brum |
|
| 045 |
_bd1939 _bd1945 |
||
| 046 | _k1995 | ||
| 080 | _a94(438).082 | ||
| 080 | _a94(498) | ||
| 080 | _a314.151.1 | ||
| 100 | 1 |
_aDubicki, Tadeusz _d(1948- ) _eAutor |
|
| 245 | 1 | 0 |
_aPolscy uchodźcy w Rumunii 1939-1945 : _bstudia i materiały / _cTadeusz Dubicki. |
| 250 | _aWydanie I. | ||
| 260 |
_aWarszawa : _b"Gryf", _c1995. |
||
| 300 |
_a330, [2] stron : _bfaksy, fotografie, portrety ; _c21 cm. |
||
| 336 |
_aTekst _btxt _2rdacontent |
||
| 337 |
_aBez urządzenia pośredniczącego _bn _2rdamedia |
||
| 338 |
_aWolumin _bnc _2rdacarrier |
||
| 380 | _aKsiążki | ||
| 380 | _aPublikacje naukowe | ||
| 388 | 1 | _a1901-2000 | |
| 388 | 1 | _a1989-2000 | |
| 504 | _aBibliografia na stronach 277-[282]. Indeks. | ||
| 546 | _aStreszczenie w języku niemieckim i rumuńskim. | ||
| 648 | 7 |
_a1901-2000 _2DBN |
|
| 648 | 7 |
_a1939-1945 _2DBN |
|
| 650 | 7 |
_aII wojna światowa (1939-1945) _2DBN |
|
| 650 | 7 |
_aPolacy za granicą _2DBN |
|
| 650 | 7 |
_aPolityka _2DBN |
|
| 651 | 7 |
_aPolska _2DBN |
|
| 651 | 7 |
_aRumunia _2DBN |
|
| 655 | 7 | _aOpracowanie | |
| 658 | _aHistoria | ||
| 710 | 2 |
_aWarszawska Oficyna Wydawnicza "Gryf" _4pbl |
|
| 856 |
_uhttp://koha.tu.koszalin.pl/cgi-bin/koha/opac-detail.pl?biblionumber=35604 _yKatalog online BPK |
||
| 942 |
_2UKD _cKS |
||
| 999 |
_c35604 _d35604 |
||